00496nam a2200157Ia 4500003000900000008004100009020001800050040001600068080002000084100002000104245010100124260004800225300001400273650002600287650002500313IN-BaIIA211028s9999 xx 000 0 eng d a0-521-81803-6 cIIA Library a(031)524.3bKAL aKaler, James B. 4aThe Cambridge encyclopedia of starscJames B. Kaler  aCambridgebCambridge University Pressc2006 aix, 324p. aEncyclopaedia - Stars aStars-Encyclopaedias